书目信息 |
| 题名: |
沙漠化控制与治理技术
|
|
| 作者: | 杨持 编著 | |
| 分册: | ||
| 出版信息: | 北京 化学工业出版社 2004 |
|
| 页数: | 289页 | |
| 开本: | 20cm | |
| 丛书名: | 环境科学与政策丛书 | |
| 单 册: | ||
| 中图分类: | P942.007.3 | |
| 科图分类: | ||
| 主题词: | 沙漠化--防治--中国 , 沙漠化 | |
| 电子资源: | ||
| ISBN: | 7-5025-5569-2 | |
| 000 | 00986oam2 2200289 450 | |
| 001 | 002724835 | |
| 005 | 20070805110213.21 | |
| 010 | @a7-5025-5569-2@dCNY26.00 | |
| 035 | @a002724835 | |
| 100 | @a20040802d2004 em y0chiy0110 ea | |
| 101 | 0 | @achi |
| 102 | @aCN@b110000 | |
| 105 | @ab z 000yy | |
| 106 | @ar | |
| 200 | 1 | @a沙漠化控制与治理技术@Asha mo hua kong zhi yu zhi li ji shu@f杨持等编著@Fyang chi deng bian zhu |
| 210 | @a北京@c化学工业出版社@d2004 | |
| 215 | @a289页@c图@d20cm | |
| 225 | 2 | @a环境科学与政策丛书@Ahuan jing ke xue yu zheng ce cong shu |
| 304 | @a中国人民大学环境学院组织编写 | |
| 330 | @a本书阐述了沙漠与沙漠化基本知识,中国的沙区,介绍了沙漠化控制与治理的思路与原则,沙漠生态工程,及其治理的技术等。 | |
| 461 | 0 | @1001002724829@12001 @a环境科学与政策丛书 |
| 606 | 0 | @a沙漠化@x防治@y中国 |
| 606 | 0 | @a沙漠化 |
| 690 | @aP942.007.3@v4 | |
| 701 | 0 | @a杨持@Ayang chi@c(生态学)@4编著 |
| 801 | 0 | @aCN@bNLC@c20070805 |
| 905 | @dP942.007.3@e120@f5 | |
| 沙漠化控制与治理技术/杨持等编著.-北京:化学工业出版社,2004 |
| 289页:图;20cm.-(环境科学与政策丛书) |
| ISBN 7-5025-5569-2:CNY26.00 |
| 本书阐述了沙漠与沙漠化基本知识,中国的沙区,介绍了沙漠化控制与治理的思路与原则,沙漠生态工程,及其治理的技术等。 |
| ● |
| 相关链接 |
|
|
|
|
正题名:沙漠化控制与治理技术
索取号:P942.007.3/120
 
预约/预借
| 序号 | 登录号 | 条形码 | 馆藏地/架位号 | 状态 | 备注 |
| 1 | 0850890 | 208508907 | 第二样本阅览室/ [索取号:P942.007.3/120] | 在馆 | |
| 2 | 0850891 | 208508916 | 第三借阅区/ [索取号:P942.007.3/120] | 在馆 | |
| 3 | 0850892 | 208508925 | 第三借阅区/ [索取号:P942.007.3/120] | 在馆 | |
| 4 | 0850893 | 208508934 | 第三借阅区/ [索取号:P942.007.3/120] | 在馆 | |
| 5 | 0850894 | 208508943 | 第三借阅区/ [索取号:P942.007.3/120] | 在馆 |